00763nam a2200217 a 450000100100000000500170001000800410002702000150006804000250008308200170010810000270012524501020015225000110025426000410026530000280030650000320033470000320036604900090039895201210040799900170052800002428120200930022855.0110125s1996 xxua r 001 0 eng d a0870409581 aDO-SdBNPbspacBNPHU axxxxxbR361j1 aReiko, Takenada94984510aJapanese Flower Arrangement :bikebana, step by step /cReiko Takenada ; traductor Yoko Ishiguro. a2a ed. aNew York :bKodansha America,c1996. a132 p. :bil. ;c26 cm. aIncluye índice de flores.1 aYoko, Ishiguro,etr.949846 aBNGR 001054708MOaGRbGRcCTd2011-01-25iLF1l0oxxxxx R361jp24281-10r2020-06-25w2020-06-25y4ZPréstamo en sala c23775d23775